| 000 | 00688nam a2200241Ia 4500 | ||
|---|---|---|---|
| 003 | OSt | ||
| 005 | 20220918191856.0 | ||
| 006 | a|||||r|||| 00| 0 | ||
| 007 | ta | ||
| 008 | 220917b |||||||| |||| 00| 0 eng d | ||
| 024 | _a65,562 | ||
| 037 | _cTextual | ||
| 040 |
_aARTS _cARTS _beng |
||
| 041 |
_2eng _aeng |
||
| 082 | _aR3jL70, K7 | ||
| 100 |
_aWolfe Kurt H ed _977457 |
||
| 245 | 0 |
_aCritical spirit _b essays in honour of Herbert Marcuse |
|
| 260 |
_aBoston _bBeacon Press _c1967 |
||
| 300 |
_a436p. illus _ccm. |
||
| 700 |
_a Moore Barrington ed _977458 |
||
| 942 |
_hR3jL70, K7 _cTEXL _2CC |
||
| 999 |
_c191805 _d191805 |
||